000 01598nam a22003737i 4500
003 BO-EaUP
005 20260507162150.0
008 220930b2021 ck a||||r|||| 00| 0 spa d
020 _a978-958-503-199-9
040 _aBO-EaUP
_cBiblioteca admiempresas
_dBO-EaUP
_eRDA
_bspa
041 _aspa
_hspa
043 _as-ck
082 _221
_a658.4
092 _a658.4
_SP948i.3
100 _aPrieto Herrera, Jorge Eliécer
_eAutor
_923
245 _aInvestigación de Mercados /
_cJorge Prieto H.
250 _aTercera edición
260 _aBogotá ;
_bEcoe Ediciones,
_c2021
300 _axix, 226 páginas ;
_bilustraciones, figuras, gráficos ;
_c17 x 24 centímetros.-- (Ciencias empresariales. Mercadeo y ventas) ;
_fimpreso
336 _2rdacontent
_atexto
_btxt
337 _2rdamedia
_ano mediado
_bn
338 _2rdacarrier
_avolumen
_bnc
505 2 _aCapítulo 1. Comienza la investigación de mercados.- Objetivos.- Concepto de mercadeo.- Paradigmas del mercadeo.-
505 2 _aCapítulo 2. ¿Cómo se hace una investigación de mercados?.- Aspectos determinantes.- Procesos de investigación de mercados.-
505 2 _aCapítulo 3. Tendencias del marketing.- Objetivos.- Enfoques de Marketing digital.- Pasos para elaborar plan de marketing digital.-
546 _aTraducido del libro en inglés : "Exploring Marketing Research"
650 _aMERCADEO
_92010
650 _aMARKETING
_9113
650 _aESTRATEGIAS DE MARKETING
_96223
650 _aINVESTIGACIÓNES
_93693
653 _aANÁLISIS DE MERCADEO
653 _aMERCADO Y VENTAS
942 _2ddc
_cBK
_n0
_e21
999 _c5521
_d5521